000 00687nam a2200169 i 4500
001 79282
003 ES-MaACL
005 20251015144712.0
007 t|
008 041020s1973 sp ||||1| spa d
110 0 _aHermandad y Cofradía de Nazarenos de Nuestro Padre Jesús orando en el huerto y María Santísimo de la Encarnación
_c(Sanlúcar la Mayor)
_94571
245 1 0 _aReglas de la Antigua y Fervorosa Hermandad y Cofradia de Nazarenos de Nuestro Padre Jesús en el huerto y María Santísima de la Encanación.
260 _a[S.l. :
_bs.n.,
_c1973] (
_eSevilla :
_fA. Padura)
300 _a90 p. ;
_c18 cm.
852 _aES-MaACL
_jC-52615
_bR.85791
999 _c79282
_d79282